Definitívne údaje o úrode poľnohospodárskych plodín a zeleniny v SR za rok 2009

Guardado en:
Detalles Bibliográficos
Formato: Libro
Lenguaje:eslovaco
Publicado: Bratislava Štatistický úrad Slovenskej republiky 2010
Colección:Pôdohospodárstvo a životné prostredie
Materias:
Etiquetas: Agregar Etiqueta
Sin Etiquetas, Sea el primero en etiquetar este registro!

MARC

LEADER 00000nam a2200000 4500
001 0111496
005 20240109071452.7
020 |a 978-80-8121-001-3 
041 0 |a slo 
044 |a SK 
245 1 0 |a Definitívne údaje o úrode poľnohospodárskych plodín a zeleniny v SR za rok 2009 
264 1 |a Bratislava  |b Štatistický úrad Slovenskej republiky  |c 2010 
300 |a [46 s.] 
490 1 |a Pôdohospodárstvo a životné prostredie 
830 0 |a Pôdohospodárstvo a životné prostredie 
500 |a Zdroj dokumentu: Štatistický úrad SR. 
610 2 0 |a plodiny poľnohospodárske 
610 2 0 |a úroda 
610 2 0 |a zelenina 
610 2 0 |a Slovensko